|
|
|
|
| LEADER |
00000nrm a22000007a 4500 |
| 003 |
UAHC |
| 005 |
20230328125802.0 |
| 008 |
171204b cl |||||||||| 00| z|spa d |
| 040 |
|
|
|a UAHC
|c UAHC
|d UAHC
|
| 245 |
|
|
|a Casillero
|
| 942 |
|
|
|c CSLL
|
| 952 |
|
|
|0 0
|1 0
|4 0
|6 CASILLERO_01
|7 0
|9 89052
|a BC
|b BC
|c General
|d 2017-12-04
|e DIRECTA
|l 173
|m 5
|o CASILLERO-01
|p 2957
|r 2026-04-01 13:35:38
|s 2026-04-01
|w 2017-12-04
|y CSLL
|
| 952 |
|
|
|0 0
|1 0
|4 0
|6 CASILLERO_02
|7 0
|9 89054
|a BC
|b BC
|c General
|d 2017-12-04
|e DIRECTA
|l 253
|m 19
|o CASILLERO-02
|p 2958
|q 2026-03-27
|r 2026-03-26 14:16:18
|s 2026-03-26
|t 1
|w 2017-12-04
|y CSLL
|
| 952 |
|
|
|0 0
|1 0
|4 0
|6 CASILLERO_03
|7 0
|9 89055
|a BC
|b BC
|c General
|d 2017-12-04
|e DIRECTA
|l 236
|m 6
|o CASILLERO-03
|p 2959
|r 2026-04-01 13:35:09
|s 2026-04-01
|t 1
|w 2017-12-04
|y CSLL
|
| 952 |
|
|
|0 0
|1 0
|4 0
|6 CASILLERO_04
|7 0
|9 89056
|a BC
|b BC
|c General
|d 2017-12-04
|e DIRECTA
|l 350
|m 5
|o CASILLERO-04
|p 2960
|r 2026-04-01 20:06:14
|s 2026-04-01
|t 1
|w 2017-12-04
|y CSLL
|
| 952 |
|
|
|0 0
|1 0
|2 ddc
|4 0
|6 CASILLERO_05
|7 0
|9 89057
|a BC
|b BC
|c General
|d 2017-12-04
|e DIRECTA
|l 287
|m 7
|o CASILLERO-05
|p 2961
|r 2026-04-02 18:43:31
|s 2026-03-30
|t 1
|w 2017-12-04
|x Candado no cierra bien, no prestar
|y CSLL
|
| 952 |
|
|
|0 0
|1 0
|4 0
|6 CASILLERO_06
|7 0
|9 89058
|a BC
|b BC
|c General
|d 2017-12-04
|e DIRECTA
|l 100
|m 4
|o CASILLERO-06
|p 2962
|r 2026-03-27 13:15:18
|s 2026-03-26
|t 1
|w 2017-12-04
|y CSLL
|
| 952 |
|
|
|0 0
|1 0
|4 0
|6 CASILLERO_07
|7 0
|9 89059
|a BC
|b BC
|c General
|d 2017-12-04
|e DIRECTA
|l 97
|m 2
|o CASILLERO-07
|p 2963
|r 2025-10-01 17:17:07
|s 2025-09-30
|t 1
|w 2017-12-04
|y CSLL
|
| 952 |
|
|
|0 0
|1 0
|4 0
|6 CASILLERO_08
|7 0
|9 89060
|a BC
|b BC
|c General
|d 2017-12-04
|e DIRECTA
|l 140
|m 2
|o CASILLERO-08
|p 2964
|r 2026-04-01 13:35:32
|s 2026-04-01
|t 1
|w 2017-12-04
|y CSLL
|
| 952 |
|
|
|0 0
|1 0
|4 0
|6 CASILLERO_09
|7 0
|9 89061
|a BC
|b BC
|c General
|d 2017-12-04
|e DIRECTA
|l 87
|m 4
|o CASILLERO-09
|p 2965
|r 2026-04-01 13:55:30
|s 2026-04-01
|t 1
|w 2017-12-04
|y CSLL
|
| 952 |
|
|
|0 0
|1 0
|4 0
|6 CASILLERO_10
|7 0
|9 89062
|a BC
|b BC
|c General
|d 2017-12-04
|e DIRECTA
|l 95
|m 6
|o CASILLERO-10
|p 2966
|q 2026-04-02
|r 2026-04-01 11:51:13
|s 2026-04-01
|t 1
|w 2017-12-04
|y CSLL
|
| 952 |
|
|
|0 0
|1 0
|4 0
|6 CASILLERO_11
|7 0
|9 89063
|a BC
|b BC
|c General
|d 2017-12-04
|e DIRECTA
|l 47
|o CASILLERO-11
|p 2967
|r 2026-04-01 13:55:41
|s 2026-04-01
|t 1
|w 2017-12-04
|y CSLL
|
| 952 |
|
|
|0 0
|1 0
|4 0
|6 CASILLERO_12
|7 0
|9 89064
|a BC
|b BC
|c General
|d 2017-12-04
|e DIRECTA
|l 93
|o CASILLERO-12
|p 2968
|r 2026-04-01 16:23:45
|s 2026-04-01
|t 1
|w 2017-12-04
|y CSLL
|
| 952 |
|
|
|0 0
|1 0
|4 0
|6 CASILLERO_13
|7 0
|9 89065
|a BC
|b BC
|c General
|d 2017-12-04
|e DIRECTA
|l 74
|m 8
|o CASILLERO-13
|p 2969
|r 2026-01-19 00:00:00
|s 2025-06-23
|t 1
|w 2017-12-04
|y CSLL
|
| 952 |
|
|
|0 0
|1 0
|4 0
|6 CASILLERO_14
|7 0
|9 89066
|a BC
|b BC
|c General
|d 2017-12-04
|e DIRECTA
|l 86
|o CASILLERO-14
|p 2970
|r 2026-03-18 13:23:18
|s 2026-03-18
|t 1
|w 2017-12-04
|y CSLL
|
| 952 |
|
|
|0 0
|1 0
|4 0
|6 CASILLERO_15
|7 0
|9 89067
|a BC
|b BC
|c General
|d 2017-12-04
|e DIRECTA
|l 30
|o CASILLERO-15
|p 2971
|r 2026-01-19 00:00:00
|s 2025-10-20
|t 1
|w 2017-12-04
|y CSLL
|
| 952 |
|
|
|0 0
|1 0
|4 0
|6 CASILLERO_16
|7 0
|9 89068
|a BC
|b BC
|c General
|d 2017-12-04
|e DIRECTA
|l 26
|o CASILLERO-16
|p 2972
|r 2026-03-18 13:21:52
|s 2026-03-18
|t 1
|w 2017-12-04
|y CSLL
|
| 952 |
|
|
|0 0
|1 0
|4 0
|6 CASILLERO_17
|7 0
|9 89069
|a BC
|b BC
|c General
|d 2017-12-04
|e DIRECTA
|l 18
|m 6
|o CASILLERO-17
|p 2973
|r 2026-03-19 16:47:28
|s 2026-03-19
|t 1
|w 2017-12-04
|y CSLL
|
| 952 |
|
|
|0 0
|1 0
|4 0
|6 CASILLERO_18
|7 0
|9 89070
|a BC
|b BC
|c General
|d 2017-12-04
|e DIRECTA
|l 1
|o CASILLERO-18
|p 2974
|r 2026-01-19 00:00:00
|s 2023-05-30
|t 1
|w 2017-12-04
|y CSLL
|
| 952 |
|
|
|0 0
|1 0
|4 0
|6 ARTES_01
|7 0
|9 92532
|a BS
|b BS
|c General
|d 2019-08-05
|e DIRECTA
|l 2
|o ARTES-01
|p 4960
|r 2025-02-28 00:00:00
|s 2024-04-15
|w 2019-08-05
|y CSLL
|
| 952 |
|
|
|0 0
|1 0
|4 0
|6 ARTES_02
|7 0
|9 92533
|a BS
|b BS
|c General
|d 2019-08-05
|e DIRECTA
|l 4
|o ARTES-02
|p 4961
|r 2025-11-07 16:16:29
|s 2025-11-07
|w 2019-08-05
|y CSLL
|
| 952 |
|
|
|0 0
|1 0
|4 0
|6 ARTES_03
|7 0
|9 92534
|a BS
|b BS
|c General
|d 2019-08-05
|e DIRECTA
|l 5
|o ARTES-03
|p 4962
|r 2025-04-10 16:04:10
|s 2025-04-10
|w 2019-08-05
|y CSLL
|
| 952 |
|
|
|0 0
|1 0
|4 0
|6 ARTES_04
|7 0
|9 92535
|a BS
|b BS
|c General
|d 2019-08-05
|e DIRECTA
|l 3
|o ARTES-04
|p 4963
|r 2025-02-28 00:00:00
|s 2024-05-08
|w 2019-08-05
|y CSLL
|
| 952 |
|
|
|0 0
|1 0
|4 0
|6 ARTES_05
|7 0
|9 92536
|a BS
|b BS
|c General
|d 2019-08-05
|e DIRECTA
|l 7
|o ARTES-05
|p 4964
|q 2025-11-03
|r 2025-10-30 15:47:27
|s 2025-10-30
|w 2019-08-05
|y CSLL
|
| 952 |
|
|
|0 0
|1 0
|4 0
|6 ARTES_06
|7 0
|9 92537
|a BS
|b BS
|c General
|d 2019-08-05
|e DIRECTA
|l 10
|o ARTES-06
|p 4965
|r 2025-08-20 17:15:27
|s 2025-08-20
|w 2019-08-05
|y CSLL
|
| 952 |
|
|
|0 0
|1 0
|4 0
|6 ARTES_07
|7 0
|9 92545
|a BS
|b BS
|c General
|d 2019-08-06
|e DIRECTA
|l 23
|o ARTES-07
|p 4966
|q 2026-04-10
|r 2026-04-02 17:37:35
|s 2026-04-02
|w 2019-08-06
|y CSLL
|
| 952 |
|
|
|0 0
|1 0
|4 0
|6 ARTES_08
|7 0
|9 92546
|a BS
|b BS
|c General
|d 2022-11-15
|e DIRECTA
|l 10
|o ARTES-08
|p 4967
|r 2026-03-31 16:33:41
|s 2026-03-31
|w 2019-08-06
|y CSLL
|
| 952 |
|
|
|0 0
|1 0
|4 0
|6 ARTES_09
|7 0
|9 92547
|a BS
|b BS
|c General
|d 2019-08-06
|e DIRECTA
|l 10
|o ARTES-09
|p 4968
|r 2025-12-09 17:11:01
|s 2025-12-04
|w 2019-08-06
|y CSLL
|
| 952 |
|
|
|0 0
|1 0
|4 0
|6 ARTES_10
|7 0
|9 92548
|a BS
|b BS
|c General
|d 2019-08-06
|e DIRECTA
|l 12
|o ARTES-10
|p 4969
|r 2026-03-27 08:47:14
|s 2026-03-26
|w 2019-08-06
|y CSLL
|
| 952 |
|
|
|0 0
|1 0
|4 0
|6 ARTES_11
|7 0
|9 92549
|a BS
|b BS
|c General
|d 2019-08-06
|e DIRECTA
|l 10
|o ARTES-11
|p 4970
|r 2025-10-08 10:20:06
|s 2025-08-27
|w 2019-08-06
|y CSLL
|
| 952 |
|
|
|0 0
|1 0
|4 0
|6 ARTES_12
|7 0
|9 92550
|a BS
|b BS
|c General
|d 2019-08-06
|e DIRECTA
|l 3
|o ARTES-12
|p 4971
|r 2025-09-22 10:03:51
|s 2025-09-22
|w 2019-08-06
|y CSLL
|
| 952 |
|
|
|0 0
|1 0
|4 0
|6 ARTES_13
|7 0
|9 92551
|a BS
|b BS
|c General
|d 2019-08-06
|e DIRECTA
|l 13
|o ARTES-13
|p 4972
|r 2026-03-31 14:55:40
|s 2026-03-31
|w 2019-08-06
|y CSLL
|
| 952 |
|
|
|0 0
|1 0
|4 0
|6 ARTES_14
|7 0
|9 92552
|a BS
|b BS
|c General
|d 2019-08-06
|e DIRECTA
|o ARTES-14
|p 4973
|r 2025-02-28 00:00:00
|w 2019-08-06
|y CSLL
|
| 952 |
|
|
|0 0
|1 0
|2 ddc
|4 0
|6 ARTES_15
|7 0
|9 92553
|a BS
|b BS
|c General
|d 2019-08-06
|e DIRECTA
|l 17
|o ARTES-15
|p 4974
|r 2026-03-26 12:01:18
|s 2026-03-26
|w 2019-08-06
|y CSLL
|
| 952 |
|
|
|0 0
|1 0
|4 0
|6 CASILLERO_16
|7 0
|9 92554
|a BS
|b BS
|c General
|d 2019-08-06
|e DIRECTA
|l 8
|m 1
|o CASILLERO-16
|p 4975
|q 2025-10-02
|r 2025-10-01 13:04:35
|s 2025-10-01
|w 2019-08-06
|y CSLL
|
| 952 |
|
|
|0 0
|1 0
|4 0
|6 CASILLERO_17
|7 0
|9 92555
|a BS
|b BS
|c General
|d 2019-08-06
|e DIRECTA
|l 4
|o CASILLERO-17
|p 4976
|r 2025-08-28 14:39:47
|s 2025-08-28
|w 2019-08-06
|y CSLL
|
| 952 |
|
|
|0 0
|1 0
|4 0
|6 CASILLERO_18
|7 0
|9 92556
|a BS
|b BS
|c General
|d 2019-08-06
|e DIRECTA
|l 1
|o CASILLERO-18
|p 4977
|r 2025-02-28 00:00:00
|s 2024-10-24
|w 2019-08-06
|y CSLL
|
| 952 |
|
|
|0 0
|1 0
|4 0
|6 CASILLERO_19
|7 0
|9 92557
|a BS
|b BS
|c General
|d 2019-08-06
|e DIRECTA
|l 1
|o CASILLERO-19
|p 4978
|r 2025-02-28 00:00:00
|s 2024-10-22
|w 2019-08-06
|y CSLL
|
| 952 |
|
|
|0 0
|1 0
|4 0
|6 CASILLERO_20
|7 0
|9 92558
|a BS
|b BS
|c General
|d 2019-08-06
|e DIRECTA
|l 10
|o CASILLERO-20
|p 4979
|r 2026-03-19 14:18:45
|s 2026-03-19
|w 2019-08-06
|y CSLL
|
| 952 |
|
|
|0 0
|1 0
|2 ddc
|4 0
|6 REPÚBLICA_01
|7 0
|9 97866
|a BR
|b BR
|c General
|d 2023-03-28
|e DIRECTA
|l 42
|o REPÚBLICA-01
|p 6119
|r 2026-04-01 21:05:23
|s 2026-04-01
|t 1
|w 2023-03-28
|y CSLL
|
| 952 |
|
|
|0 0
|1 0
|2 ddc
|4 0
|6 REPÚBLICA_02
|7 0
|9 97867
|a BR
|b BR
|c General
|d 2023-03-28
|e DIRECTA
|l 99
|o REPÚBLICA-02
|p 6120
|r 2026-04-01 15:47:55
|s 2026-04-01
|t 1
|w 2023-03-28
|y CSLL
|
| 952 |
|
|
|0 0
|1 0
|2 ddc
|4 0
|6 REPÚBLICA_03
|7 0
|9 97868
|a BR
|b BR
|c General
|d 2023-03-28
|e DIRECTA
|l 14
|o REPÚBLICA-03
|p 6121
|r 2026-03-31 18:17:12
|s 2026-03-31
|t 1
|w 2023-03-28
|y CSLL
|
| 952 |
|
|
|0 0
|1 0
|2 ddc
|4 0
|6 REPÚBLICA_04
|7 0
|9 97869
|a BR
|b BR
|c General
|d 2023-03-28
|e DIRECTA
|l 58
|o REPÚBLICA-04
|p 6122
|r 2026-03-25 17:09:17
|s 2026-03-24
|t 1
|w 2023-03-28
|y CSLL
|
| 952 |
|
|
|0 0
|1 0
|2 ddc
|4 0
|6 REPÚBLICA_05
|7 0
|9 97870
|a BR
|b BR
|c General
|d 2023-03-28
|e DIRECTA
|l 4
|o REPÚBLICA-05
|p 6123
|q 2026-03-12
|r 2026-01-16 17:50:57
|s 2026-01-16
|t 1
|w 2023-03-28
|y CSLL
|
| 952 |
|
|
|0 0
|1 0
|2 ddc
|4 0
|6 REPÚBLICA_06
|7 0
|9 97871
|a BR
|b BR
|c General
|d 2023-03-28
|e DIRECTA
|l 33
|o REPÚBLICA-06
|p 6124
|r 2026-03-25 17:45:14
|s 2026-03-25
|t 1
|w 2023-03-28
|y CSLL
|
| 952 |
|
|
|0 0
|1 0
|2 ddc
|4 0
|6 REPÚBLICA_07
|7 0
|9 97872
|a BR
|b BR
|c General
|d 2023-03-28
|e DIRECTA
|l 40
|o REPÚBLICA-07
|p 6125
|r 2025-12-15 14:08:29
|s 2025-12-15
|t 1
|w 2023-03-28
|y CSLL
|
| 952 |
|
|
|0 0
|1 0
|2 ddc
|4 0
|6 REPÚBLICA_08
|7 0
|9 97873
|a BR
|b BR
|c General
|d 2023-03-28
|e DIRECTA
|l 12
|o REPÚBLICA-08
|p 6126
|r 2026-03-17 18:18:45
|s 2026-03-17
|t 1
|w 2023-03-28
|y CSLL
|
| 952 |
|
|
|0 0
|1 0
|2 ddc
|4 0
|6 REPÚBLICA_09
|7 0
|9 97874
|a BR
|b BR
|c General
|d 2023-03-28
|e DIRECTA
|l 21
|o REPÚBLICA-09
|p 6127
|r 2025-11-27 13:30:43
|s 2025-11-21
|w 2023-03-28
|y CSLL
|
| 999 |
|
|
|c 50064
|d 50064
|